| 000 | 00000nam##2200000za#4500 |
| 001 | 9.700441 |
| 003 | CaOODSP |
| 005 | 20250506145324 |
| 007 | cr ||||||||||| |
| 008 | 150407|1991||||xxc|||||o f|0| 0 eng|d |
| 040 | |aCaOODSP|beng |
| 043 | |an-cn--- |
| 086 | 1 |aA43-1435/1991E-PDF |
| 110 | 1 |aCanada.|bAgriculture Canada. |
| 245 | 10|aInsect pests of legume grass crops in Western Canada / |h[electronic resource]|cby Juliana J. Soroka. |
| 260 | |aOttawa - Ontario : |bAgriculture Canada |c1991. |
| 300 | |a40p.|bcoloured illus., tables |
| 500 | |aContents: Summary of main insect pests.--Integrated management of legume and grass pests.--General insect pests.--Insect pests of alfalfa.--Insect pests of sweetclover.--Insect pests of red clover.--Insect pests of white and alsike clovers.--Insect pests of grasses.--Other pests of legume and grass crops.--Beneficial insects.--Precautions on the use of insecticides. |
| 500 | |aHistorical publication digitized by Agriculture and Agri-Food Canada. |
| 590 | |a15-03-Supp|b2015-03-13 |
| 720 | 1 |aSoroka, Juliana J. |
| 775 | 08|tRavageurs des légumineuses et des graminées de l'ouest du Canada / |w(CaOODSP)9.644333 |
| 776 | 0#|tInsect pests of legume grass crops in Western Canada / |w(CaOODSP)9.644484 |
| 856 | 40|ahttp://publications.gc.ca|qPDF|s2917 KB|uhttps://publications.gc.ca/collections/collection_2015/aac-aafc/A43-1435-1991-eng.pdf |